[Event "Chigorin Memorial"]
[Site "St Petersburg RUS"]
[Date "2012.10.29"]
[Round "3.160"]
[White "Ayvazyan, Nikita"]
[Black "Kholova, Elena"]
[Result "1/2-1/2"]
[WhiteElo "1973"]
[BlackElo "1736"]
[WhiteFideId "4177266"]
[BlackFideId "4146093"]
[EventDate "2012.10.27"]

1. e4 c6 2. d4 d5 3. Nc3 dxe4 4. Nxe4 Nf6 5. Nxf6+ exf6 6. Bc4 Qe7+ 7. Qe2 Be6
8. Bxe6 Qxe6 9. Qxe6+ fxe6 10. Ne2 Bd6 11. Bf4 Bxf4 12. Nxf4 Kf7 13. O-O Nd7 14.
Rfe1 e5 15. dxe5 Nxe5 16. Rad1 Rad8 17. b3 Rhe8 18. Rxd8 Rxd8 19. Kf1 Rd2 20.
Rc1 c5 21. Ke1 Rd6 22. Ne2 b5 23. Nc3 b4 24. Ne4 Rd5 25. Rd1 Ke6 26. h3 Nc6 27.
Rxd5 Kxd5 28. Ng3 Nd4 29. Kd2 g6 30. Kd3 Ne6 31. Ne2 f5 32. f4 Nd4 33. Ng1 h6
34. h4 Ne6 35. Nh3 h5 36. g3 Nd4 37. Ng5 Nb5 38. Nh7 Nc3 39. Nf8 Ne4 40. Nxg6
Nxg3 41. Ne7+ Ke6 42. Nc6 Ne4 43. Nxa7 Nc3 44. Ke3 Kd7 45. Kd3 Nxa2 46. Kc4 Nc3
47. Kxc5 Ne2 48. Kd5 Nxf4+ 49. Ke5 Ng6+ 50. Kxf5 Nxh4+ 51. Kg5 Nf3+ 52. Kxh5 Nd4
53. Kg4 Nxc2 54. Kf4 Nd4 55. Ke4 Nxb3 56. Kd3 Nc5+ 57. Kc4 b3 58. Kc3 1/2-1/2

[Event "Chigorin Memorial"]
[Site "St Petersburg RUS"]
[Date "2012.10.29"]
[Round "3.161"]
[White "Bondarenko, Dmitry"]
[Black "Bubnov, Kirill"]
[Result "0-1"]
[WhiteElo "1971"]
[BlackElo "1713"]
[WhiteFideId "34105708"]
[BlackFideId "24175277"]
[EventDate "2012.10.27"]

1. e4 e6 2. Bb5 Qg5 3. Be2 Qxg2 4. Bf3 Qg6 5. d4 c5 6. Ne2 Qf6 7. Bf4 g5 8. Nbc3
gxf4 9. e5 Qd8 10. d5 exd5 11. Qxd5 Nc6 12. Ne4 Nb4 13. Qd2 Qc7 14. Nd6+ Bxd6
15. exd6 Qd8 16. O-O-O Nxa2+ 17. Kb1 Nb4 18. Rhe1 Kf8 19. c3 Nc6 20. Nxf4 a5 21.
Nd5 b6 22. Nc7 Bb7 23. Re8+ Qxe8 24. Nxe8 Rxe8 25. Rg1 Re6 26. Rg3 Nf6 27. Qh6+
Ke8 28. Qf4 Rf8 29. Rg7 Nd8 30. Bxb7 Nxb7 31. Rg1 Nxd6 32. Rd1 Ke7 33. Qh4 Rg8
34. h3 Rg6 35. f4 Re2 36. Re1 Rg2 37. Rxe2+ Rxe2 38. Qg5 Nc4 39. b4 cxb4 40.
cxb4 axb4 41. Qf5 b3 0-1

[Event "Chigorin Memorial"]
[Site "St Petersburg RUS"]
[Date "2012.10.29"]
[Round "3.162"]
[White "Petrushev., Nikita"]
[Black "Frolov, Lev"]
[Result "1-0"]
[WhiteElo "1738"]
[BlackElo "1970"]
[WhiteFideId "34117803"]
[BlackFideId "4187571"]
[EventDate "2012.10.27"]

1. d4 d5 2. Nf3 Nf6 3. e3 Bg4 4. c4 c6 5. Qb3 Qb6 6. c5 Qc7 7. Ne5 Bf5 8. Nc3
Nbd7 9. f4 g5 10. Nxd7 Nxd7 11. fxg5 e5 12. Bd2 Be7 13. e4 dxe4 14. Bc4 O-O-O
15. O-O Bg6 16. Bxf7 Nxc5 17. dxc5 Bxc5+ 18. Kh1 Rxd2 19. Bxg6 hxg6 20. Qe6+ Qd7
21. Qxe5 Qh7 22. Qe6+ Kb8 23. h3 Qe7 24. Qxg6 Qc7 25. Qf5 Qg3 26. Qf4+ Qxf4 27.
Rxf4 Rxb2 28. Nxe4 Be3 29. Rf3 Bd4 30. Rd1 c5 31. Rf5 b6 32. g6 Rg8 33. Rg5 Rxa2
34. h4 Re2 35. Ng3 Rf2 36. Rg4 a5 37. h5 Rf6 38. Ne4 Rf5 39. Rh4 a4 40. Nd6 Rd5
41. Nb5 Rgd8 42. Nxd4 Rxd4 43. Rhxd4 cxd4 44. g7 1-0

[Event "Chigorin Memorial"]
[Site "St Petersburg RUS"]
[Date "2012.10.29"]
[Round "3.163"]
[White "Klimshin, Ilia"]
[Black "Puzko, Danila"]
[Result "0-1"]
[WhiteElo "1734"]
[BlackElo "1957"]
[WhiteFideId "34109436"]
[BlackFideId "24153745"]
[EventDate "2012.10.27"]

1. e4 c5 2. Nf3 Nc6 3. d4 cxd4 4. Nxd4 e5 5. Nb5 d6 6. N1c3 a6 7. Na3 b5 8. Nd5
Nge7 9. c4 Nd4 10. cxb5 Nxd5 11. exd5 Be7 12. bxa6 Qa5+ 13. Bd2 Qxd5 14. Nc2
Qe4+ 15. Ne3 Bg5 16. Rc1 O-O 17. a3 Be6 18. Rc3 Bxe3 19. Bxe3 Rfc8 20. f3 Nc2+
21. Kf2 Nxe3 22. Rxe3 Qc6 23. Bd3 Qb6 24. Qd2 f5 25. Ke2 Rab8 26. b3 Qxb3 27.
Bxf5 Qb5+ 28. Bd3 Bc4 29. Kf2 Qxa6 30. Bxc4+ Qxc4 31. Qxd6 Rb2+ 32. Kg3 Rf8 33.
Qxe5 Qc2 34. Qe6+ Kh8 35. Qf7 Qxg2+ 36. Kh4 g5+ 0-1

[Event "Chigorin Memorial"]
[Site "St Petersburg RUS"]
[Date "2012.10.29"]
[Round "3.164"]
[White "Petrochenko, Maria"]
[Black "Aleksanyan, Gor"]
[Result "0-1"]
[WhiteElo "1716"]
[BlackElo "1948"]
[WhiteFideId "24161420"]
[BlackFideId "13306626"]
[EventDate "2012.10.27"]

1. d4 Nf6 2. c4 g6 3. g3 Bg7 4. Bg2 O-O 5. Nf3 d6 6. O-O c6 7. Nc3 Qa5 8. h3 Qa6
9. b3 b5 10. cxb5 cxb5 11. Bg5 Bb7 12. Bxf6 Bxf6 13. a3 Qb6 14. Qd3 a6 15. Ne4
Bg7 16. Rac1 Nc6 17. e3 Rac8 18. b4 h6 19. Rc2 f5 20. Nc3 e5 21. dxe5 dxe5 22.
e4 Nd4 23. Rcc1 Rxc3 24. Rxc3 fxe4 25. Qe3 exf3 26. Bh1 Qe6 27. Kh2 Bc8 28. g4
e4 29. Re1 Ne2 30. Rxe2 Bxc3 0-1

[Event "Chigorin Memorial"]
[Site "St Petersburg RUS"]
[Date "2012.10.29"]
[Round "3.165"]
[White "Volskaya, Vera"]
[Black "Uyanik, Mehmet"]
[Result "0-1"]
[WhiteElo "1929"]
[BlackElo "1687"]
[WhiteFideId "24170054"]
[BlackFideId "6363164"]
[EventDate "2012.10.27"]

1. d4 Nf6 2. c4 e6 3. Nf3 d5 4. e3 c6 5. a3 Bd6 6. Nc3 O-O 7. c5 Be7 8. b4 Nbd7
9. Bb2 Re8 10. Be2 Bf8 11. O-O g6 12. Ne5 Nxe5 13. dxe5 Nd7 14. f4 b6 15. cxb6
Qxb6 16. Rf3 c5 17. Na4 Qd8 18. bxc5 Nxc5 19. Bd4 Nxa4 20. Qxa4 a6 21. Bb5 Re7
22. Bc5 Rb7 23. Bxf8 Rxb5 24. Bh6 Bd7 25. Qd1 Rb2 26. Bg5 Qa5 27. Be7 Qd2 28.
Qxd2 Rxd2 29. Rf2 Rd3 30. Re2 Rc8 31. Bb4 Bb5 32. Kf2 d4 33. e4 Rb3 34. Rd2 d3
35. Ke3 Rc2 36. Ra2 Rxa2 37. Rxa2 Bc4 38. Bd2 Rb1 39. a4 Bxa2 40. Kxd3 Rg1 41.
g3 Rg2 42. Ke3 Rxh2 43. a5 Bc4 44. Bb4 Rb2 45. Be7 Rb3+ 46. Kd4 Be2 47. Bh4 Ra3
48. g4 Rxa5 49. g5 Ra1 50. Bf2 Rc1 51. Ke3 Bb5 52. Kd2 Rc6 53. Ba7 a5 54. Bb8 a4 0-1

[Event "Chigorin Memorial"]
[Site "St Petersburg RUS"]
[Date "2012.10.29"]
[Round "3.167"]
[White "Levdansky, Alexey"]
[Black "Chistiakov, Mihail"]
[Result "1-0"]
[WhiteElo "1700"]
[BlackElo "1884"]
[WhiteFideId "34107581"]
[BlackFideId "24161217"]
[EventDate "2012.10.27"]

1. d4 d5 2. c4 e6 3. Nf3 c6 4. Nc3 Nf6 5. cxd5 exd5 6. Qc2 Bd6 7. Bg5 Nbd7 8. e3
h6 9. Bh4 O-O 10. Bd3 a5 11. O-O Qc7 12. Ne2 Re8 13. Bg3 Ne4 14. Bxd6 Qxd6 15.
Nd2 f5 16. f3 Nxd2 17. Qxd2 Qe6 18. Nf4 Qxe3+ 19. Qxe3 Rxe3 20. Bxf5 g5 21. Nh5
Nb6 22. Bg6 Re6 23. Bf5 Re2 24. Bg6 Be6 25. Rfe1 Rxe1+ 26. Rxe1 Bf7 27. Re7 Bxg6
28. Rg7+ Kf8 29. Rxg6 Re8 30. Rf6+ Ke7 31. Rxh6 Kd8 32. Kf2 Na4 33. Rg6 Nxb2 34.
Rxg5 Nd3+ 35. Kg3 a4 36. h4 a3 37. Nf4 Nxf4 38. Kxf4 b5 39. h5 b4 40. h6 Rh8 41.
Rh5 b3 42. axb3 a2 43. Rh1 Rxh6 44. Ra1 Kc7 45. Rxa2 Kb6 46. g4 Kb5 47. g5 Rh4+
48. Kf5 Rxd4 49. g6 Rd1 50. Rg2 Rd3 51. g7 Rxf3+ 52. Kg6 Rxb3 53. g8=Q Kc4 54.
Rg4+ 1-0

[Event "Chigorin Memorial"]
[Site "St Petersburg RUS"]
[Date "2012.10.29"]
[Round "3.169"]
[White "Bezobrazov, Lev"]
[Black "Aleksandrov, Grigoriy"]
[Result "0-1"]
[WhiteElo "1673"]
[BlackElo "1871"]
[WhiteFideId "4152409"]
[BlackFideId "24199656"]
[EventDate "2012.10.27"]

1. e4 c5 2. Nf3 d6 3. d4 cxd4 4. Nxd4 Nf6 5. Nc3 a6 6. Bg5 e5 7. Nb3 Be6 8. Qd2
h6 9. Bh4 Nxe4 10. Nxe4 Qxh4 11. Nxd6+ Bxd6 12. Qxd6 Qe4+ 13. Be2 Qxg2 14. O-O-O
Nc6 15. Qc5 Rc8 16. Rdg1 Qe4 17. Bd3 Qf4+ 18. Kb1 Nb4 19. Qe3 Qxe3 20. fxe3 Bxb3
21. axb3 Nxd3 22. cxd3 O-O 23. Rg4 Rfd8 24. Rd1 Rd7 25. Rc4 Rcd8 26. Kc2 f5 27.
Rc5 Rd5 28. b4 g5 29. Rc4 e4 30. d4 f4 31. Kd2 f3 32. Ke1 g4 33. Kf2 Rh5 34. Rh1
Rh3 35. Rcc1 h5 36. b3 Kh8 37. Rcd1 h4 38. Rdg1 g3+ 39. hxg3 hxg3+ 0-1

[Event "Chigorin Memorial"]
[Site "St Petersburg RUS"]
[Date "2012.10.29"]
[Round "3.170"]
[White "Kuvyrshin, Maksim"]
[Black "Panov, Konstantin"]
[Result "1-0"]
[WhiteElo "1865"]
[BlackElo "1607"]
[WhiteFideId "24177563"]
[BlackFideId "34115223"]
[EventDate "2012.10.27"]

1. e4 e6 2. d4 d5 3. Nc3 Nf6 4. Bg5 Bb4 5. e5 h6 6. Bd2 Bxc3 7. bxc3 Ne4 8. Qg4
g6 9. Nf3 c5 10. Bd3 h5 11. Qh4 Qxh4 12. Nxh4 Nxd2 13. Kxd2 c4 14. Be2 Nc6 15.
f4 Ne7 16. h3 Nf5 17. Nxf5 exf5 18. g4 hxg4 19. hxg4 Rf8 20. Bf3 Be6 21. gxf5
gxf5 22. Rag1 Ke7 23. Ke3 Rab8 24. Rg5 a5 25. a3 Rh8 26. Rxh8 Rxh8 27. Bg2 b5
28. Ke2 Kf8 29. Kf3 Rh6 30. Kg3 Rg6 31. Kh4 Rh6+ 32. Rh5 Kg7 33. Rxh6 Kxh6 34.
Bh1 Kg6 35. Bf3 Kh6 36. Bh5 a4 37. Bf3 Kg6 38. Bh1 f6 39. exf6 Kxf6 40. Kh5 Bf7+
41. Kh6 Be6 42. Bf3 Ke7 43. Bh5 Bd7 44. Kg5 Be6 45. Bg6 Bg8 46. Bxf5 Bf7 47. Bc8
Be8 48. f5 Bc6 49. f6+ Kf7 50. Kf5 Ba8 51. Bd7 Bb7 52. Bxb5 Bc8+ 53. Ke5 Bb7 54.
Bxa4 Ba8 55. Bd7 Bb7 56. Be6+ Kg6 57. Bxd5 Bxd5 58. Kxd5 Kxf6 59. a4 1-0

[Event "Chigorin Memorial"]
[Site "St Petersburg RUS"]
[Date "2012.10.29"]
[Round "3.171"]
[White "Zhivotovskaya, Asya"]
[Black "Nikiforov, Vyacheslav"]
[Result "1/2-1/2"]
[WhiteElo "1660"]
[BlackElo "1863"]
[WhiteFideId "24166014"]
[BlackFideId "4119401"]
[EventDate "2012.10.27"]

1. e4 c5 2. Nf3 e6 3. c3 Nf6 4. e5 Nd5 5. d4 cxd4 6. cxd4 Nc6 7. Be2 d6 8. O-O
dxe5 9. dxe5 Qc7 10. Re1 Bd7 11. Bc4 Nb6 12. Bb3 Bb4 13. Bd2 a5 14. Nc3 O-O 15.
Bc2 Ne7 16. Bxh7+ Kh8 17. Bc2 g6 18. Bg5 Ned5 19. Bf6+ Nxf6 20. exf6 Bxc3 21.
bxc3 Qf4 22. Ne5 Be8 23. Ng4 Bc6 24. Re3 Rad8 25. Rh3+ Kg8 26. Nh6+ Qxh6 27.
Rxh6 Rxd1+ 28. Rxd1 Nd7 29. Rh4 Nxf6 30. c4 Kg7 31. Rhd4 Rh8 32. Rd8 Rh4 33.
R1d4 Rh5 34. f4 Rh4 35. g3 Rh5 36. Bd1 Rc5 37. Kf2 Ne4+ 38. Ke3 f5 39. Bf3 e5
40. fxe5 Rxe5 41. Bxe4 fxe4 42. R4d7+ Kh6 43. Rd5 Re7 44. Rxa5 Rf7 45. Re5 Rf3+
46. Ke2 Rc3 47. Rc5 Rc1 48. Ke3 Re1+ 49. Kd2 Rf1 50. Rxc6 bxc6 51. a4 Ra1 52.
Ra8 Kg5 53. a5 Ra2+ 54. Ke3 Rxh2 55. Kxe4 Rg2 56. a6 Ra2 57. Kd4 Ra5 58. Kc3 c5
59. Kd3 Ra4 60. a7 Kg4 61. Ke4 Rxc4+ 62. Kd5 Ra4 63. Kxc5 Kxg3 64. Kb6 g5 65.
Rg8 g4 66. a8=Q Rxa8 67. Rxa8 Kf2 1/2-1/2

[Event "Chigorin Memorial"]
[Site "St Petersburg RUS"]
[Date "2012.10.29"]
[Round "3.172"]
[White "Klevets, Ksenia"]
[Black "Biyachuev, Minkail"]
[Result "1-0"]
[WhiteElo "1861"]
[BlackElo "1574"]
[WhiteFideId "24157937"]
[BlackFideId "34120065"]
[EventDate "2012.10.27"]

1. e4 e5 2. Nc3 Nf6 3. Nf3 Nc6 4. Bb5 d6 5. d4 exd4 6. Qxd4 Bd7 7. Bxc6 Bxc6 8.
Bg5 Be7 9. O-O-O h6 10. Bh4 O-O 11. Rhe1 Bd7 12. h3 c5 13. Qe3 Re8 14. Bxf6 Bxf6
15. Rxd6 Qc7 16. Red1 Be6 17. e5 Be7 18. Nd5 Qa5 19. Nxe7+ Rxe7 20. a3 b6 21.
Rd8+ Rxd8 22. Rxd8+ Kh7 23. Qd3+ g6 24. Qd6 Rd7 25. Rxd7 Bxd7 26. Qxd7 Kg8 27.
e6 fxe6 28. Qxe6+ Kh7 29. Nh4 c4 30. Qf7+ 1-0

[Event "Chigorin Memorial"]
[Site "St Petersburg RUS"]
[Date "2012.10.29"]
[Round "3.173"]
[White "Gantsevich, Aleksey A."]
[Black "Radkov, Bazhen D."]
[Result "0-1"]
[WhiteElo "1626"]
[BlackElo "1860"]
[WhiteFideId "24195863"]
[BlackFideId "24170593"]
[EventDate "2012.10.27"]

1. e4 e5 2. Nf3 Nc6 3. Bb5 f5 4. exf5 e4 5. Bxc6 dxc6 6. Ne5 Nf6 7. d4 Bxf5 8.
g4 Be6 9. Nc3 Bb4 10. a3 Bxc3+ 11. bxc3 O-O 12. Bg5 Qe7 13. h4 Rad8 14. h5 c5
15. Bh4 Qd6 16. g5 Nd5 17. Qd2 Rde8 18. Bg3 Qe7 19. Bh4 Qd6 20. Bg3 Qb6 21. Nc4
Qb5 22. Ne5 Qb2 23. O-O Nxc3 24. h6 cxd4 25. hxg7 Kxg7 26. Kg2 Qb6 27. Rh1 e3
28. Qd3 Bf5 29. Qf1 exf2 30. Bxf2 Be4+ 0-1

[Event "Chigorin Memorial"]
[Site "St Petersburg RUS"]
[Date "2012.10.29"]
[Round "3.174"]
[White "Ustich, Ekaterina"]
[Black "Pankova, Julia"]
[Result "1-0"]
[WhiteElo "1857"]
[BlackElo "1528"]
[WhiteFideId "24179221"]
[BlackFideId "34103276"]
[EventDate "2012.10.27"]

1. e4 c5 2. Nf3 d6 3. d4 cxd4 4. Nxd4 Nf6 5. f3 e5 6. Bb5+ Nbd7 7. Nf5 a6 8.
Bxd7+ Qxd7 9. Bg5 d5 10. Bxf6 gxf6 11. Ne3 dxe4 12. Nd5 Qd6 13. fxe4 f5 14. Nbc3
Be7 15. Qf3 f4 16. O-O-O Qc6 17. Nxe7 Kxe7 18. Nd5+ Ke8 19. Qh5 Be6 20. Qxe5 Rf8
21. Nf6+ Ke7 22. Rd7+ Qxd7 23. Nxd7 Kxd7 24. Rd1+ Ke7 25. Qc7+ Kf6 26. Qxf4+ Kg7
27. Qg5+ Kh8 28. Qf6+ Kg8 29. Rd3 Bg4 30. Rg3 h5 31. h3 Kh7 32. hxg4 hxg4 33.
Qh4+ 1-0

[Event "Chigorin Memorial"]
[Site "St Petersburg RUS"]
[Date "2012.10.30"]
[Round "4.6"]
[White "Shimanov, Aleksandr"]
[Black "Hayrapetyan, Hovik"]
[Result "1-0"]
[WhiteTitle "GM"]
[BlackTitle "IM"]
[WhiteElo "2599"]
[BlackElo "2450"]
[WhiteFideId "4198603"]
[BlackFideId "13302639"]
[EventDate "2012.10.27"]

1. d4 d5 2. Nf3 Nf6 3. c4 e6 4. g3 c6 5. Bg2 Nbd7 6. Qc2 Bd6 7. O-O O-O 8. Nbd2
Re8 9. Rd1 Qe7 10. b3 b6 11. e4 Nxe4 12. Nxe4 dxe4 13. Qxe4 Bb7 14. Ne5 Nxe5 15.
dxe5 Bc5 16. h4 Qc7 17. Bg5 h6 18. Bf4 Be7 19. Rd3 Rad8 20. Rad1 Rxd3 21. Rxd3
Rd8 22. Rxd8+ Qxd8 23. Bf3 Bc5 24. h5 Qd4 25. Qxd4 Bxd4 26. Kf1 Kf8 27. Ke2 Ke7
28. g4 Kd7 29. Bg3 Bc5 30. Be4 Be7 31. f4 Kc8 32. Be1 c5 33. Kd3 Bxe4+ 34. Kxe4
Kd7 35. Bd2 Ke8 36. f5 Bf8 37. g5 exf5+ 38. Kxf5 hxg5 39. Bxg5 Be7 40. Bf4 Kf8
41. e6 Bd8 42. exf7 Kxf7 43. Bb8 a6 44. a4 a5 45. Be5 1-0

[Event "Chigorin Memorial"]
[Site "St Petersburg RUS"]
[Date "2012.10.30"]
[Round "4.8"]
[White "Epishin, Vladimir"]
[Black "Matinian, Nikita"]
[Result "1-0"]
[WhiteTitle "GM"]
[BlackTitle "IM"]
[WhiteElo "2574"]
[BlackElo "2439"]
[WhiteFideId "4162714"]
[BlackFideId "24129100"]
[EventDate "2012.10.27"]

1. d4 Nf6 2. Nf3 g6 3. c3 Bg7 4. Bg5 O-O 5. Nbd2 d5 6. e3 b6 7. Be2 c5 8. O-O
Nc6 9. Qa4 Bb7 10. Rfd1 cxd4 11. cxd4 Qd7 12. Qa3 Rfc8 13. h3 e6 14. Rac1 h6 15.
Bf4 Ne4 16. Bb5 Nxd2 17. Nxd2 a6 18. Be2 Bf8 19. Qb3 Qd8 20. Qd3 Nb4 21. Qb1 a5
22. Rc3 Ba6 23. Bxa6 Nxa6 24. Rdc1 Bb4 25. Rxc8 Rxc8 26. Nf3 Kg7 27. a3 Be7 28.
Ne5 Qe8 29. Rc2 g5 30. Bg3 Rxc2 31. Qxc2 Bd6 32. Qe2 Nb8 33. Qh5 Nd7 34. Ng4
Bxg3 35. Qxh6+ Kg8 36. Qxg5+ Kf8 37. fxg3 Qc8 38. Kh2 Ke8 39. Qg8+ Nf8 40. Nf6+
Ke7 41. Nh7 1-0

[Event "Chigorin Memorial"]
[Site "St Petersburg RUS"]
[Date "2012.10.30"]
[Round "4.14"]
[White "Bartel, Mateusz"]
[Black "Demuth, Adrien"]
[Result "1-0"]
[WhiteTitle "GM"]
[BlackTitle "IM"]
[WhiteElo "2635"]
[BlackElo "2479"]
[WhiteFideId "1112635"]
[BlackFideId "642274"]
[EventDate "2012.10.27"]

1. e4 c5 2. Nf3 d6 3. c3 Nf6 4. Bd3 Bg4 5. Bc2 Nc6 6. d3 g6 7. Nbd2 Bg7 8. h3
Bd7 9. O-O O-O 10. a3 Qc7 11. Re1 Rfc8 12. Nf1 b5 13. Bg5 h6 14. Bd2 e5 15. Bb3
Be6 16. Bxe6 fxe6 17. a4 bxa4 18. Rxa4 Rab8 19. Qc1 Kh7 20. Ne3 Qd7 21. Ra2 Rf8
22. Nh2 Rf7 23. Nhg4 g5 24. Nxf6+ Rxf6 25. Qd1 Rbf8 26. Rf1 Rb8 27. Nc4 d5 28.
Ne3 Rd8 29. Bc1 d4 30. cxd4 exd4 31. Nc4 Rf7 32. Qh5 Kg8 33. Bd2 Rf6 34. Ra6 Nb8
35. Rd6 Qe8 36. Rxd8 Qxd8 37. Ne5 Qf8 38. h4 gxh4 39. Ng4 Rf4 40. Bxf4 Qxf4 41.
Qe8+ Kh7 42. Qxe6 1-0

[Event "Chigorin Memorial"]
[Site "St Petersburg RUS"]
[Date "2012.10.30"]
[Round "4.17"]
[White "Fomichenko, Eduard"]
[Black "Popov, Ivan RUS"]
[Result "0-1"]
[WhiteTitle "IM"]
[BlackTitle "GM"]
[WhiteElo "2460"]
[BlackElo "2614"]
[WhiteFideId "4132700"]
[BlackFideId "4170350"]
[EventDate "2012.10.27"]

1. Nf3 g6 2. e4 c5 3. d4 cxd4 4. Qxd4 Nf6 5. Bb5 Nc6 6. Bxc6 dxc6 7. Qxd8+ Kxd8
8. Nc3 Bg4 9. Ng5 Ke8 10. h3 Bc8 11. Nf3 Nd7 12. Bf4 Bg7 13. e5 Nf8 14. O-O-O h6
15. Rhe1 Ne6 16. Bd2 b6 17. Ne2 c5 18. Nf4 Bb7 19. Nxe6 fxe6 20. Re3 Rf8 21.
Rde1 Rd8 22. Ra3 Rd7 23. Ree3 Bd5 24. Kd1 Rf5 25. Ke2 Bxf3+ 26. Rxf3 Rxe5+ 27.
Rae3 Red5 28. Be1 Bxb2 29. Rxe6 R7d6 30. Re4 Bf6 31. g4 Kd7 32. Bc3 Bxc3 33.
Rxc3 Rd2+ 34. Ke3 g5 35. Re5 R2d4 36. Kf3 e6 37. Kg3 R6d5 38. Ree3 Rf4 39. Ra3
a5 40. Rab3 Rb4 41. c3 Rxb3 42. axb3 c4 43. bxc4 Rc5 44. f4 a4 45. fxg5 hxg5 46.
h4 a3 47. hxg5 Rxc4 48. Kh4 a2 49. Re1 Rxc3 50. g6 Ke7 51. Rf1 Rf3 52. Ra1 Ra3
53. Kg5 Kf8 54. Kf6 b5 55. g7+ Kg8 56. Kxe6 Ra6+ 0-1

[Event "Chigorin Memorial"]
[Site "St Petersburg RUS"]
[Date "2012.10.30"]
[Round "4.20"]
[White "Debashis, Das"]
[Black "Gabrielian, Artur"]
[Result "1/2-1/2"]
[WhiteTitle "IM"]
[BlackTitle "GM"]
[WhiteElo "2454"]
[BlackElo "2592"]
[WhiteFideId "5024854"]
[BlackFideId "4131002"]
[EventDate "2012.10.27"]

1. d4 Nf6 2. c4 g6 3. Nf3 Bg7 4. g3 O-O 5. Bg2 c6 6. O-O d5 7. Qa4 Nbd7 8. cxd5
Nb6 9. Qa3 cxd5 10. Nc3 Ne4 11. Bf4 Bg4 12. Rfc1 Nc4 13. Qb4 Nxc3 14. Rxc3 Qd7
15. Rd1 a5 16. Qb3 Bxf3 17. Bxf3 b5 18. Qc2 Rac8 19. Qc1 b4 20. Rc2 e6 21. e4
Rfe8 22. h4 h5 23. Bg2 a4 24. Kh2 a3 25. b3 Nb2 26. Rdd2 Rxc2 27. Qxc2 Rc8 28.
Qb1 Qc6 29. exd5 exd5 30. Qh1 Rd8 31. Qf1 Re8 32. Qh1 Rd8 33. Qf1 Re8 34. Qh1 1/2-1/2

[Event "Chigorin Memorial"]
[Site "St Petersburg RUS"]
[Date "2012.10.30"]
[Round "4.22"]
[White "Airapetian, Gor"]
[Black "Solak, Dragan"]
[Result "1/2-1/2"]
[WhiteTitle "IM"]
[BlackTitle "GM"]
[WhiteElo "2435"]
[BlackElo "2590"]
[WhiteFideId "4177916"]
[BlackFideId "916811"]
[EventDate "2012.10.27"]

1. d4 Nf6 2. c4 g6 3. g3 Bg7 4. Bg2 O-O 5. Nc3 d6 6. Nf3 Nbd7 7. O-O e5 8. h3
Re8 9. e4 exd4 10. Nxd4 a6 11. Re1 Ne5 12. b3 c5 13. Nc2 Be6 14. Bb2 Nc6 15. Nd5
Nd7 16. Bxg7 Kxg7 17. Qd2 Bxd5 18. cxd5 Qa5 19. b4 Nxb4 20. Red1 Qd8 21. Nxb4
cxb4 22. Qxb4 Nc5 23. f4 f6 24. Rac1 Rc8 25. Re1 Qd7 26. Qb6 Qd8 27. Qb4 Qd7 28.
Qb6 Qd8 29. Qb4 Qd7 1/2-1/2

[Event "Chigorin Memorial"]
[Site "St Petersburg RUS"]
[Date "2012.10.30"]
[Round "4.24"]
[White "Pasiev, Rakhim"]
[Black "Popov, Valerij"]
[Result "1-0"]
[WhiteTitle "FM"]
[BlackTitle "GM"]
[WhiteElo "2334"]
[BlackElo "2577"]
[WhiteFideId "24122475"]
[BlackFideId "4119410"]
[EventDate "2012.10.27"]

1. e4 c6 2. d4 d5 3. e5 Bf5 4. Nf3 e6 5. Be2 Ne7 6. O-O h6 7. Nbd2 Nd7 8. Nb3
Bg6 9. a4 Nf5 10. a5 Rc8 11. c4 Be7 12. a6 b6 13. Bd2 O-O 14. cxd5 cxd5 15. Rc1
Bh5 16. h3 Bxf3 17. Bxf3 Nb8 18. Be2 Nc6 19. Bc3 Bg5 20. Rc2 f6 21. g4 Nfe7 22.
f4 Bh4 23. exf6 Rxf6 24. Bd2 Qd6 25. Qc1 Rcf8 26. Bb5 e5 27. dxe5 Nxe5 28. Bc3
Nxg4 29. hxg4 Rxf4 30. Rxf4 Rxf4 31. Rg2 Ng6 32. Bd2 Rf7 33. Qc6 Bf2+ 34. Rxf2
Qg3+ 35. Rg2 Qxb3 36. Qe8+ Nf8 37. Qe2 Qxb2 38. Bc6 Qa1+ 39. Kh2 Qf6 40. Bb7 Ng6
41. Kh1 Qd6 42. Qb5 Ne7 43. Bb4 Qf6 44. Qd3 Qh4+ 45. Kg1 Qf6 46. Bxe7 Rxe7 47.
Qxd5+ Kh8 48. Rf2 Re1+ 49. Kg2 Qe7 50. Qf3 Re6 51. Qf8+ Kh7 52. Qxe7 Rxe7 53.
Rf8 b5 54. Kf3 g6 55. Bd5 h5 56. gxh5 gxh5 57. Rb8 Kg6 58. Rxb5 Kf6 59. Be4 Re6
60. Rxh5 Re7 61. Rh8 Ke5 62. Rd8 Rc7 63. Bb7 Rh7 64. Ke3 Ke6 65. Bc8+ Ke5 66.
Kd3 Rc7 67. Bb7 Rc1 68. Ra8 Kd6 69. Kd2 Ra1 70. Rxa7 Kc7 71. Ra8 Kb6 72. Rh8 Ra3
73. Rc8 Rg3 74. Rc3 Rg5 75. Kd3 Rg3+ 76. Kc4 Rg4+ 77. Kb3 Rg1 78. Kb4 Rb1+ 79.
Rb3 Re1 80. Ka4+ Ka7 81. Kb5 Rg1 82. Bd5 Rg6 83. Bb7 Rb6+ 84. Kc4 Rh6 85. Kc5
Rf6 86. Re3 Rf8 87. Bc6 Rf5+ 88. Bd5 Rg5 89. Re8 1-0

[Event "Chigorin Memorial"]
[Site "St Petersburg RUS"]
[Date "2012.10.30"]
[Round "4.25"]
[White "Jumabayev, Rinat"]
[Black "Bodnaruk, Anastasia"]
[Result "1-0"]
[WhiteTitle "GM"]
[BlackTitle "IM"]
[WhiteElo "2545"]
[BlackElo "2425"]
[WhiteFideId "13702661"]
[BlackFideId "4181751"]
[EventDate "2012.10.27"]

1. d4 Nf6 2. c4 e6 3. Nf3 b6 4. g3 Bb7 5. Bg2 Bb4+ 6. Bd2 a5 7. O-O O-O 8. Qc2
Be4 9. Qb3 Nc6 10. Bxb4 Nxb4 11. Nbd2 d5 12. a3 Nc6 13. Rfd1 a4 14. Qc3 Na5 15.
cxd5 Bxd5 16. Rac1 Ra7 17. Qd3 Qa8 18. Qe3 b5 19. Rc5 Nc4 20. Nxc4 bxc4 21. Qc1
Rb8 22. Nh4 Bxg2 23. Nxg2 Qb7 24. Rxc4 Qxb2 25. Nf4 Qxc1 26. Rdxc1 Rb3 27. Rxc7
Rxc7 28. Rxc7 g5 29. Nd3 Rxa3 30. Ne5 Ra1+ 31. Kg2 a3 32. Rxf7 Nd5 33. Ra7 Nc3
34. Ng4 a2 35. Nf6+ Kf8 36. Nxh7+ Ke8 37. Nxg5 Re1 38. Nxe6 a1=Q 39. Ng7+ Kf8
40. Ne6+ Kg8 41. Rxa1 Rxa1 42. Kf3 Rd1 43. e3 Rd2 44. Ng5 Kg7 45. h4 Ra2 46. g4
Kg6 47. Nh3 Nd1 48. Kg3 Rd2 49. Kf3 Ra2 50. g5 Rd2 51. Kg3 Ra2 52. Kf3 Rd2 53.
Kg3 Ra2 54. e4 Nc3 55. Nf4+ Kg7 56. f3 Nd1 57. h5 Ne3 58. Ne6+ Kf7 59. d5 Rg2+
60. Kf4 Nc4 61. Kf5 Nd6+ 62. Ke5 Ke7 63. g6 Ne8 64. Kf5 Rh2 65. Kg5 Nf6 66. Nf4
Nd7 67. Kf5 Nb6 68. e5 Nc4 69. d6+ Ke8 70. d7+ Kxd7 71. g7 Ne3+ 72. Ke4 1-0

[Event "Chigorin Memorial"]
[Site "St Petersburg RUS"]
[Date "2012.10.30"]
[Round "4.26"]
[White "Savchenko, Boris"]
[Black "Vlasenko, Miroslav"]
[Result "1-0"]
[WhiteTitle "GM"]
[BlackTitle "IM"]
[WhiteElo "2540"]
[BlackElo "2400"]
[WhiteFideId "4147332"]
[BlackFideId "4151887"]
[EventDate "2012.10.27"]

1. g3 Nc6 2. Bg2 e5 3. c4 f5 4. a3 Nf6 5. b4 d6 6. f4 g6 7. b5 Nb8 8. fxe5 dxe5
9. Bb2 Nbd7 10. Nh3 Qe7 11. Nc3 Bg7 12. Rc1 e4 13. d4 Bh6 14. Nf4 Nb6 15. Qb3 c6
16. O-O g5 17. Nh3 O-O 18. d5 c5 19. Nd1 Nh5 20. Ne3 f4 21. Nf2 fxe3 22. Nxe4
Bg4 23. d6 Rxf1+ 24. Rxf1 Qe8 25. Qc3 Bg7 26. Qxg7+ Nxg7 27. Nf6+ Kh8 28. Nxe8
Rxe8 29. Rf7 Rg8 30. Bd5 Nxd5 31. cxd5 h5 32. d7 Bxd7 33. Rxd7 Kh7 34. d6 1-0